| 000 | 00734pam a2200229 a 4500 | ||
|---|---|---|---|
| 001 | 1196852 | ||
| 005 | 20180119040022.0 | ||
| 008 | 980507s1999 nyua b 001 0 eng | ||
| 010 | _a 98007995 | ||
| 020 | _a0321015924 | ||
| 040 |
_aDLC _cDLC _dDLC |
||
| 041 | _aeng | ||
| 080 | _a808.0427 GEO | ||
| 082 | 0 | 0 |
_a808.0427 GEO _221 |
| 100 | _a47 | ||
| 101 | _aEDU | ||
| 245 | 0 | 0 |
_aReading culture : _c[edited by] Diana George, John Trimbur. |
| 504 | _aIncludes bibliographical references and index. | ||
| 906 |
_a7 _bcbc _corignew _d1 _eocip _f19 _gy-gencatlg |
||
| 942 |
_2ddc _cBK |
||
| 999 |
_c40530 _d40530 |
||